Legal and political aspects of the internet voting: Estonian case /

Salvato in:
Dettagli Bibliografici
Autore principale: Madise, Ülle
Natura: testo
Soggetti:
Tags: Aggiungi Tag
Nessun Tag, puoi essere il primo ad aggiungerne!!

MARC

LEADER 00000 a a2200000 04500
001 18930
003
040
100 |a Madise, Ülle  
245 |a Legal and political aspects of the internet voting:   |b Estonian case /  |c Ülle Madise 
650 |a VOTO ELECTRONICO  
650 |a LEGISLACION  
650 |a INTERNET  
650 |a SEGURIDAD SOCIAL  
773 |g número 25; páginas 45-59  
999 |c 32274  |d 32274